00391nam a22001337a 450000500170000002000230001703500130004003700130005310000180006624500960008426000420018030000190022270000160024120120228130831.0 a817000196Xc550.00 aA-904954 aDPLbENG aSehgal, R. L. aManual on computer applications training in library science /cby R.L. Sehgal and D.K. Behl aNew DelhibEss Ess Publicationsc1996 a352p.c18 cms. aBehl, D.K.